00303nam a2200109Ia 4500008004100000041000800041082002700049100002000076245004700096260004100143300000900184230411s9999 xx 000 0 und d aeng aCH/610.7343/BHA/B02198 aBhalerao Vijaya aSynopsis in Preventive and Social Medicine bNational Book DepotaNew Delhic2004 a159p